000 00406nam a2200145Ia 4500
008 241014s9999||||xx |||||||||||||| ||und||
020 _a0-443064628
060 _aWQ 18.2 O 2005
100 _aOluwakemi O. Ola-Ojo
245 0 _aObstetrics and Gynecology Ultrasound: A Self-Assessment Guide.
260 _bElsevier Churchill Livingstone
_c2005
300 _a468
650 _aObstetrics
942 _bDIMC
_cBK
999 _c8182
_d8182